000 00724cam a2200193 i 4500
005 20260104094236.0
008 250721s2003 sy gr 000 0 ara d
082 1 4 _a219
_bع ر ب
100 1 _aعربي، محي الدين
_eمؤلف.
245 1 2 _aالتجليات /
_cتأليف الشيخ محيي الدين بن عربي ؛ حققه وضبطه وقدم له عبد الرحيم مارديني.
250 _aالطبعة الأولى.
264 3 1 _aدمشق :
_bدار المحبة،
_c2003.
300 _a120 صفحة.
650 1 7 _aالتصوف الإسلامي.
650 1 7 _aالصوفيون.
700 1 _aمارديني، عبد الرحيم
_eمحقق.
942 _2ddc
_cBK
999 _c86730
_d86730